|
|
|
|
| LEADER |
00625nab a2200181 i 4500 |
| 001 |
acta25484 |
| 005 |
20210622150531.0 |
| 008 |
161017s1937 hu o 0|| fre d |
| 022 |
|
|
|a 1166-9675
|
| 040 |
|
|
|a SZTE Egyetemi Kiadványok Repozitórium
|b hun
|
| 041 |
|
|
|a fre
|
| 100 |
1 |
|
|a Novák Łudovít
|
| 245 |
1 |
0 |
|a Quelques remarques sur le système phonologique du hongrois
|h [elektronikus dokumentum] /
|c Novák Łudovít
|
| 260 |
|
|
|c 1937
|
| 300 |
|
|
|a 219-234
|
| 490 |
0 |
|
|a Études hongroises
|v 14-15
|
| 695 |
|
|
|a Nyelvtudomány
|
| 856 |
4 |
0 |
|u http://acta.bibl.u-szeged.hu/25484/1/etudes_hongroises_014_015_219-234.pdf
|z Dokumentum-elérés
|